01564nam a22001457a 4500008004100000020001500041245008500056260004200141300003300183500002000216505112900236700002001365700001601385700001701401160707b xxu||||| |||| 00| 0 eng d a044482426x aThe Diabetes annual/10. /cedited by S. M. Marshall, P. D. Home and R. A. Rizza. aNew York :bElsievier Science,c1996. axii, 391p. :bill. ;c25 cm. aIncludes index. aContents: The Intrauterine environment and susceptibility to non-insulin dependent diabetes and the insulin resistance syndrome -- Autoantibodies to glutamate decarboxylase in insulin dependent diabetes mellitus -- Mitochondrial DNA and diabetes -- Recent trends in the epidemiology of type 1 diabetes -- Prospects for genetic manipulation in diabetes -- Diabetes and puberty -- Management of diabetes in the elderly -- The Diagnosis of diabetes: current criteria and rationale -- Prophylactic insulin treatment in pre-type-1-diabetes -- The Honeymoon period or remission phase of type 1 diabetes mellitus -- Hypoglycaemia update -- Information technology in diabetes care -- Measuring quality of life in diabetes -- New drugs for diabetes -- Glucose sensors in the mid-1990s -- The Insulin assay in the 1990s -- Regulation of carbohydrate metabolism during exercise -- Constant tracer infusion technique for assessment of glucose turnover in vivo: current status. -- Glucagon-like peptide-1 -- The Role of hypothalamic peptides in the neuroendocrine abnormalities of diabetes -- The Pathophysiology of diabetic retinopathy. aMarshall, S. M. aHome, P. D. aRizza, R. A.